000
00198nam a2200109Ia 4500
100
_a
#N/A
942
_c
BK
654
_a
sight
245
_a
Sight & Sound
260
_b
#N/A
_c
2004
546
_a
ENGLISH
999
_c
28155
_d
28155